Wildlife Sanctuary :True or False - Statistics

General Stats
  • This quiz has been taken 5 times
  • The average score is 9 of 20
Answer Stats
Question Answer % Correct
Dandeli Wildlife Sanctuary, Kerala False
75%
Bhagwan Mahavir Sanctuary situated in Goa True
75%
Balukhand - Konark WS : Odisha True
75%
Talley Valley WS, Arunachal Pradesh True
75%
Ranipur Wildlife Sanctuary is located in Uttarakhand False
50%
Shendurney Wildlife Sanctuary is located in Lakshadweep False
50%
Eaglenest Wildlife Sanctuary is situated in Manipur False
50%
Gumti Wildlife Sanctuary : Sikkim False
50%
Tamor Pingla Wildlife Sanctuary, Chhattisgarh True
50%
Parasnath Wildlife Sanctuary is situated in Jharkhand True
50%
Gandhi Sagar Wildlife Sanctuary situated in Madhya Pradesh True
50%
Kuldiha Wildlife Sanctuary : Odisha True
50%
Nauradehi WS, Madhya Pradesh True
50%
Turtle Wildlife Sanctuary is located in Odisha False
25%
Ropar Lake, Haryana False
25%
Hollongapar Gibbon Wildlife Sanctuary, Assam True
25%
Karimpuzha Wildlife Sanctuary , Kerala True
25%
Dr Bhimrao Ambedkar Abhyran WS is in Madhya Pradesh True
25%
Askot Wildlife Sanctuary : Uttarakhand True
25%
No matching quizzes found
Score Distribution
Percent of People with Each Score
Percentile by Number Answered
Your Score History
You have not taken this quiz